RB Leipzig - Tous les joueurs de 2013 à 2025 - Statistiques

Statistiques générales
  • Ce quiz a été pris 172 fois
    29 depuis la dernière actualisation
  • Le résultat moyen est 37 sur 132
Statistiques - réponses
Saisons Nationalité Joueur Nombre
De Matchs
Poste % Correct
2013 - 2025 Danemark YussufPoulsen 425 A
100%
2015 - 2025 Hongrie PéterGulácsi 339 G
93%
2014 - 2024 Suède EmilForsberg 319 M
89%
2017 - 2021 France IbrahimaKonaté 95 D
89%
2017 - Slovénie KevinKampl 280 M
89%
2016 - 20202022 - 2024 Allemagne TimoWerner 213 A
89%
2015 - Hongrie WilliOrbán 348 D
89%
2023 - 2025 Slovénie BenjaminSesko 87 A
85%
2019 - 2023 France ChristopherNkunku 172 M/A
85%
2016 - 2021 France DayotUpamecano 154 D
85%
2016 - 2018 Guinée NabyKeita 71 M
85%
2017 - 2023 Autriche KonradLaimer 190 M
81%
2015 - 2021 Autriche MarcelSabitzer 229 M
81%
2023 - France CastelloLukeba 72 D
78%
2018 - Mali AmadouHaidara 222 M
74%
2021 - 20232024 - 2025 Portugal AndréSilva 110 A
74%
2020 - 2023 Hongrie DominikSzoboszlai 91 M
74%
2023 - 2025 Belgique LoisOpenda 90 A
74%
2014 - Allemagne LukasKlostermann 326 D
74%
2023 - 2025 Pays - Bas XaviSimons 76 M
70%
2019 - 2024 Espagne DaniOlmo 148 M
67%
2022 - Allemagne DavidRaum 109 D
67%
2021 - 2023 Croatie JoskoGvardiol 87 D
67%
2019 - 2022 Espagne Angelino 100 D
63%
2021 - 2024 France MohamedSimakan 120 D
59%
2018 - 2022 France NordiMukiele 146 D
59%
2019 - 2020 RépubliqueTchèque PatrikSchick 28 A
59%
2022 - 2023 Allemagne SanoussyBa 3 D
59%
2023 - Autriche ChristophBaumgartner 83 M
48%
2023 - 2025 Macédoine Du Nord EljifElmas 22 M
48%
2017 - 2019 France Jean - KévinAugustin 67 A
48%
2015 - 2023 Allemagne MarcelHalstenberg 240 D
48%
2018 - 2022 États - Unis TylerAdams 103 M
48%
2020 - 2021 Norvège AlexanderSorloth 38 A
44%
2020 - Allemagne BenjaminHenrichs 167 D
44%
2023 - France El ChadailleBitshiabu 34 D
44%
2017 - 20182019 - 2020 Nigéria AdemolaLookman 24 A
41%
2024 - 2025 Belgique ArthurVermeeren 39 M
41%
2017 - 2019 Portugal Bruma 67 A
41%
2020 - 2021 CoréeDu Sud Hee - ChanHwang 29 A
41%
2022 - 2023 Sénégal AbdouDiallo 15 D
37%
2013 - 2015 Allemagne JoshuaKimmich 55 M
37%
2024 - Norvège AntonioNusa 37 A
33%
2013 - 2020 Allemagne DiegoDemme 214 M
33%
2022 - Autriche XaverSchlager 78 M
33%
2021 - 2022 Guinée IlaixMoriba 6 M
26%
2018 - 2020 Brésil MatheusCunha 52 A
26%
2023 - Autriche NicolasSeiwald 68 M
26%
2017 - 2020 Suisse YvonMvogo 19 G
26%
2016 - 2018 Brésil Bernardo 49 D
22%
2022 - 2024 Allemagne JanisBlaswich 64 G
22%
2024 - 2025 Pays - Bas LutsharelGeertruida 35 D
22%
2024 - Allemagne RidleBaku 21 D/M/A
22%
2020 - 2022 Espagne JosepMartínez 4 G
19%
2014 - 2015 Pérou YordyReyna 14 A
19%
2024 - Allemagne AssanOuedraogo 5 M
15%
2013 - 2014 Allemagne ChristianMuller 11 D
15%
2013 - 2018 Allemagne DominikKaiser 141 M
15%
2018 - 2019 Angleterre EmileSmith - Rowe 3 M
15%
2020 - 2021 Pays - Bas JustinKluivert 27 A
15%
2024 - Serbie KostaNedeljkovic 11 D
15%
2020 - 2021 Serbie LazarSamardzic 9 M
15%
2024 - Belgique MaartenVandevoordt 12 G
15%
2018 - 2020 Urugauy MarceloSaracchi 27 D
15%
2018 - 2019 Allemagne MariusMuller 1 G
15%
2015 - 2020 Autriche StefanIlsanker 131 M
15%
2024 - France TidiamGomis 9 A
15%
2015 - 2017 Allemagne DavieSelke 53 A
11%
2020 - 2021 Allemagne EricMartel 1 M
11%
2019 - 2020 Pays De Galles EthanAmpadu 7 D
11%
2013 - 2018 Suisse FabioColtorti 68 G
11%
2019 - 2020 Autriche HannesWolf 5 A
11%
2021 - 2023 Espagne HugoNovoa 23 A
11%
2015 - 2016 Allemagne IdrissaTouré 1 M
11%
2016 - 2017 Écosse OliverBurke 26 A
11%
2022 - 2023 Norvège OrjanNyland 3 G
11%
2014 - 2017 Allemagne RaniKhedira 54 M
11%
2013 - 2014 Allemagne AndréLuge 6 M
7%
2014 - 2015 Croatie AnteRebic 11 A
7%
2013 - 2016 Allemagne AnthonyJung 84 D
7%
2015 - 2016 Turquie AtincNukan 14 D
7%
2013 - 2014 Allemagne BastianSchulz 16 M
7%
2013 - 2015 Allemagne BenjaminBellot 24 G
7%
2016 - 2018 Allemagne BennoSchmitz 19 D
7%
2021 - 2022 Pays - Bas BrianBrobbey 14 A
7%
2013 - 2014 Allemagne CarstenKammlott 14 A
7%
2023 - 2024 Allemagne ChristopherLenz 9 D
7%
2013 - 2015 Allemagne DanielFrahn 60 A
7%
2013 - 2014 Allemagne DenisThomalla 21 M
7%
2019 - 2021 Allemagne DennisBorkowski 4 A
7%
2013 - 2014 Allemagne ErikDomaschke 8 G
7%
2013 - 2014 Allemagne FabianFranke 23 D
7%
2018 - 2019 Allemagne FabriceHartmann 1 A
7%
2013 - 20152016 - 2017 Allemagne FedericoPalacios 10 M
7%
2013 - 2016 Autriche GeorgTeigl 57 D/M/A
7%
2013 - 2015 Allemagne HenrikErnst 21 D
7%
2020 - 2022 Allemagne JoschaWosz 4 A
7%
2013 - 2014 Allemagne JuriJudt 7 M
7%
2015 - 2016 Allemagne KenGipson 2 D
7%
2014 - 2018 Allemagne MarvinCompper 79 D
7%
2015 - 2016 Belgique MassimoBruno 28 M/A
7%
2013 - 2015 Allemagne MatthiasMorys 35 A
7%
2013 - 2014 Finlande MikkoSumusalo 2 D
7%
2013 - 2015 Autriche NiklasHoheneder 55 D
7%
2015 - 2016 Allemagne NilsQuaschner 20 A
7%
2023 - 2025 Allemagne NuhaJatta 1 M
7%
2014 - 2015 Israel OmerDamari 11 A
7%
2019 - 2022 Allemagne PhilippTschauner 1 G
7%
2014 - 2015 Brésil Rodnei 7 D
7%
2013 - 2015 Allemagne SebastianHeidinger 47 M
7%
2021 - 2022 Allemagne SidneyRaebiger 2 M
7%
2014 - 2015 Bosnie SmailPrevljak 1 A
7%
2021 - 2022 Pays - Bas SolomonBonnah 3 D
7%
2014 - 2016 Autriche StefanHierlander 24 M
7%
2014 - 2017 États - Unis TerrenceBoyd 8 A
7%
2013 - 2016 Allemagne TimSebastian 67 D
7%
2013 - 2014 Allemagne TimoRottger 31 A
7%
2013 - 2014 Allemagne TobiasWillers 20 D
7%
2019 - 2020 Allemagne TomKrauss 1 M
7%
2024 - Allemagne ViggoGebel 4 M
7%
2014 - 2017 Hongrie ZsoltKalmár 22 M
7%
2013 - 2014 Grèce ChristosPapadimitriou 1 D
4%
2013 - 2015 Allemagne ClemensFrandrich 31 M
4%
2018 - 2019 Allemagne ErikMajetschak 2 D
4%
2023 - 2024 Portugal FabioCarvalho 15 M
4%
2024 - Allemagne FaikSakar 1 M
4%
2023 - 2025 Norvège JonathanNorbye 1 D
4%
2016 - 2017 Grèce KyriakosPapadopoulos 1 D
4%
2018 - 2019 Allemagne NiclasStierlin 2 M
4%
2013 - 2014 Brésil ThiagoRockenbach 4 M
4%
2018 - 2019 Allemagne LukasKruger 1 A
0%
2018 - 2019 Philippines OliverBias 1 A
0%
Aucun quiz correspondant
Distribution des résultats
% des personnes avec chaque résultat
Percentile par nombre de réponses
Votre historique - résultats
Vous n’avez pas pris ce quiz depuis la dernière actualisation